00506 2200181 4500001002100000005001500021035002000036007000300056008004100059020002300100082001100123084001700134100002100151245007500172260002500247300004200272650001000314INLIS00000000000021320231030031436 a0010-1023000149ta231030 g 0 ind  a978-979-994442-1-4 a633.85 a633.85 MUH p0 aMuhrizal Sarwani1 aProspek & Peluang Usaha Nilam Di Kalimantan Tengah /cMuhrizal Sarwani aPalangka Raya,c2006 aii, 41 hlm, :bilus, ;c15 cm x 23 cm 4aNilam